000 00671nam a2200217Ia 4500
001 16675
003 GE_BSU
008 181216s||||||||xx |||||||||||||| ||und||
040 _cGE_BSU
080 _a821.161.1-22
100 _aჩეხოვი, ა.
245 _aალუბლის ბაღი. კომედია 4 მოქმედებად
245 _cმთარგმნ.: შალვა დადიანი
260 _aთბილისი
260 _bხელოვნება
260 _c1954
300 _a62გვ. ; 20სმ
653 _aალუბლის ბაღი
653 _aკომედია
942 _cBK
999 _c49740
_d49740